Guess the Country pt.3 - Statistics

General Stats
  • This quiz has been taken 12 times
  • The average score is 6 of 10
Answer Stats
Question Answer % Correct
Which photo belongs to Uruguay?
89%
Which photo belongs to Belgium?
78%
Which photo belongs to Azerbaijan?
78%
Which photo belongs to Czechia?
67%
Which photo belongs to Russia?
67%
Which photo belongs to Cuba?
67%
Which photo belongs to Australia?
56%
Which photo belongs to Iran?
56%
Which photo belongs to Egypt?
44%
Which photo belongs to Latvia?
33%
No matching quizzes found
Score Distribution
Percent of People with Each Score
Percentile by Number Answered
Your Score History
You have not taken this quiz